Music Quiz

Random Music or Song Quiz

Figure Out the Lyrics: TV Theme Quiz Stats

 Plays Quiz Updated Jan 23, 2014

Support Sporcle.
Go Orange.
Score 0/76 Timer 05:00
7 Plays Today
% Correct
a
95.4%
the
94.3%
you
89.4%
you.
89.4%
you
89.4%
you
89.4%
to
80.5%
be
80.5%
be
80.5%
be
80.5%
be
80.5%
me
76.6%
for
73.2%
for
73.2%
for
73.2%
for
73.2%
it
72.9%
in
71.3%
there
71.2%
there
71.2%
there
71.2%
there
71.2%
there
71.2%
When
70.8%
When
70.8%
no
67.1%
love
66.9%
I'll
65.8%
I'll
65.8%
I'll
65.8%
Your
65.4%
your
65.4%
your
65.4%
your
65.4%
your
65.4%
your
65.4%
So
62.5%
too.
61.4%
% Correct
one
60.8%
this
59.9%
was
59.7%
life
58.2%
day,
57.5%
like
57.4%
Like
57.4%
you're
56%
you're
55.9%
you're
55.9%
way.
55.8%
or
54%
been
52.6%
been
52.6%
told
51.2%
rain
50.6%
gonna
49.9%
starts
49.9%
always
49.7%
year.
48.7%
second
48.1%
even
47.8%
It's
47.6%
month,
47.4%
gear.
47.1%
week,
47.1%
joke,
46.5%
stuck
46.5%
hasn't
45.9%
broke,
45.8%
But
45.5%
life's
44.7%
job's
44.4%
before.
44.1%
I've
42.9%
'Cause
41.6%
DOA.
40%
pour.
39.8%

You're not logged in!

Compare scores with friends on all Sporcle quizzes.
OR
Log In

From the Vault

Marvel Characters in Other Words

by NJSB

Most superheroes have a name in common with something really cool...others, not so much.
Remove Ads.
Support Sporcle.
Get the best of Sporcle when you Go Orange. This ad-free experience offers more features, more stats, and more fun while also helping to support Sporcle. Thank you for becoming a member.

Show Comments

Extras

Top Quizzes Today


Score Distribution

Your Account Isn't Verified!

In order to create a playlist on Sporcle, you need to verify the email address you used during registration. Go to your Sporcle Settings to finish the process.

Report this User

Report this user for behavior that violates our Community Guidelines.

Details: